00525 2200193 4500001002100000005001500021035002000036100001800056245005900074250002500133300002900158020002200187082002000209084002600229260004100255600000900296700001700305990000900322INLIS00000000000224820260226101725 a0010-02260000800 aSidik Purnomo1 aMusik Rebana Suku Sasak /cSidik Purnomo, Eni Anjayani aCETAKAN PERTAMA 2010 a52 hlm :bilust ;c21 cm a978-602-9005-10-3 a781.859.853.123 a781.859.853.123 SID m aMataram, NTB :bPustaka Widya,c2010 4aSeni0 aEni Anjayani a6615